书目信息 |
| 题名: |
逻辑学
|
|
| 作者: | 黑格尔 著 ;梁志学 译 | |
| 分册: | ||
| 出版信息: | 北京 人民出版社 2017.04 |
|
| 页数: | 10,399页 | |
| 开本: | 24cm | |
| 丛书名: | ||
| 单 册: | ||
| 中图分类: | B811.01 | |
| 科图分类: | ||
| 主题词: | 逻辑 | |
| 电子资源: | ||
| ISBN: | 978-7-01-017301-6 | |
| 000 | 01499nam0 2200289 450 | |
| 001 | 0120172213092 | |
| 005 | 20170908105641.39 | |
| 010 | @a978-7-01-017301-6@b精装@dCNY68.00 | |
| 100 | @a20170621d2017 em y0chiy50 ea | |
| 101 | 1 | @achi@cger |
| 102 | @aCN@b110000 | |
| 105 | @aa z 000yy | |
| 106 | @ar | |
| 200 | 1 | @a逻辑学@9luo ji xue@e哲学全书·第一部分@dDie Wissenschafe Der Logik@eEnzyklopadie Der Philosophischen Wissenschaften Im Grundrisse·Drser Teil@f(德)黑格尔著@g梁志学译@zger |
| 205 | @a2版 | |
| 210 | @a北京@c人民出版社@d2017.04 | |
| 215 | @a10,399页@c图,照片@d24cm | |
| 330 | @a黑格尔哲学是欧洲哲学的发展在19世纪的集大成者,是20世纪西方众多哲学流派的思想来源。他的体系由逻辑学、自然哲学和精神哲学组成。本书是这个体系的理论哲学,为各门实践哲学奠定基础。研读这本如门书,将有助于进入这个庞大体系的殿堂,从中发掘瑰丽的宝藏。译者为本书作了180多条注释,除了人物资料、引证和典故的出处外,更多是对相关深层背景知识的链接;所涉及的资料凡有中译本的,注释中都一一列出,方便中国读者查阅。 | |
| 333 | @a哲学社会科学研究人员和大学师生 | |
| 510 | 1 | @aDie Wissenschafe Der Logik@eEnzyklopadie Der Philosophischen Wissenschaften Im Grundrisse·Drser Teil@zger |
| 517 | 1 | @a哲学全书·第一部分@9zhe xue quan shu · di yi bu fen |
| 606 | 0 | @a逻辑 |
| 690 | @aB811.01@v5 | |
| 701 | 0 | @c(德)@a黑格尔@9hei ge er@c(Hegel, Georg Wehelm Friedrich@f1770-1831)@4著 |
| 702 | 0 | @a梁志学@9liang zhi xue@f(1931-)@4译 |
| 801 | 0 | @aCN@b人天书店@c20170621 |
| 905 | @b997584-89@dB811.01@e259=2@f6 | |
| 逻辑学:哲学全书·第一部分=Die Wissenschafe Der Logik:Enzyklopadie Der Philosophischen Wissenschaften Im Grundrisse·Drser Teil/(德)黑格尔著/梁志学译.-2版.-北京:人民出版社,2017.04 |
| 10,399页:图,照片;24cm |
| 使用对象:哲学社会科学研究人员和大学师生 |
| ISBN 978-7-01-017301-6(精装):CNY68.00 |
| 黑格尔哲学是欧洲哲学的发展在19世纪的集大成者,是20世纪西方众多哲学流派的思想来源。他的体系由逻辑学、自然哲学和精神哲学组成。本书是这个体系的理论哲学,为各门实践哲学奠定基础。研读这本如门书,将有助于进入这个庞大体系的殿堂,从中发掘瑰丽的宝藏。译者为本书作了180多条注释,除了人物资料、引证和典故的出处外,更多是对相关深层背景知识的链接;所涉及的资料凡有中译本的,注释中都一一列出,方便中国读者查阅。 |
| ● |
| 相关链接 |
|
|
|
|
正题名:逻辑学
索取号:B811.01/259=2
 
预约/预借
| 序号 | 登录号 | 条形码 | 馆藏地/架位号 | 状态 | 备注 |
| 1 | 997584 | 209975847 | 第一样本阅览室/ [索取号:B811.01/259=2] | 在馆 | |
| 2 | 997585 | 209975856 | 第一借阅区/ [索取号:B811.01/259=2] | 在馆 | |
| 3 | 997586 | 209975865 | 第一借阅区/ [索取号:B811.01/259=2] | 在馆 | |
| 4 | 997587 | 209975874 | 第一借阅区/ [索取号:B811.01/259=2] | 在馆 | |
| 5 | 997588 | 209975883 | 第一借阅区/ [索取号:B811.01/259=2] | 在馆 | |
| 6 | 997589 | 209975892 | 第一借阅区/ [索取号:B811.01/259=2] | 在馆 |